000 00696nam a2200205Ia 4500
008 191130s2002##################000#0#eng##
020 _a9780521570787
022 _a2001025916
040 _aACL
_cACL
082 _a572.809410904 CHA
100 _aChadarevian, Soraya de
245 _aDesigns for life : molecular biology after world war II
_cSoraya de Chadarevian
260 _aCambridge
_bCambridge University Press
_c2002
300 _axvii, 423 p. : ill. ; 25 cm
500 _aIncludes bibliographical references and index
650 _aMolecular biology - Great Britain - History - 20th century
990 _aa4e7cd06ac10000c51cab6de51089555
991 _a216452
999 _c147958
_d147958